| 000 | 00653nam a2200181Ia 4500 | ||
|---|---|---|---|
| 008 | 100920s9999 xx 000 0 und d | ||
| 082 |
_b108428 _a891.463.1 न 09 |
||
| 100 | _aऔरंगाबादकर अनुराधा. | ||
| 245 | _aकलपवृक्ष कन्येसाठी. | ||
| 260 |
_bसुयोग प्रकाशन ,पुणे. _c2009 |
||
| 300 |
_a182 _bसाधी |
||
| 365 | _b180 | ||
| 520 | _aलघुकथा. | ||
| 630 | _aकलपवृक्ष कन्येसाठी. | ||
| 650 | _aलघुकथा. | ||
| 730 | _aकलपवृक्ष कन्येसाठी. | ||
| 942 | _cBOOK | ||
| 999 |
_c748847 _d748844 |
||